000 00614nam a2200193Ia 4500
003 GCL
008 140319s9999 xx 000 0 ara d
040 _aGCL /
_cGCL
082 0 4 _aد
_b050
100 1 _aمختار على ابوغالى
245 1 0 _aالمدينة فى الشعر العربى المعاصر (عالم المعرفة 196) /
_cمختار على ابوغالى
300 _a383 ص
490 _aعالم المعرفة
_v0
650 0 4 _aالشعر العربى
650 0 4 _aالادب العربى
650 0 4 _aالعصر الحديث
650 0 4 _aتاريخ ونقد
942 _2ddc
_cBK
999 _c46018
_d46018